| 000 | 00530nam a2200217Ia 4500 | ||
|---|---|---|---|
| 008 | 170918s9999 xx 000 0 und d | ||
| 020 | _a9780439962940 | ||
| 050 | _bD285 2003 | ||
| 100 | _aDeary, Terry | ||
| 245 | 4 | _aThe rotten Romans : | |
| 245 | _bsticker book / | ||
| 245 | _cby Terry Deary and Martin Brown. | ||
| 260 | _aNew York : | ||
| 260 | _bScholastic, | ||
| 260 | _c2003 | ||
| 300 | _aunpaged : | ||
| 300 | _bcolored illustration ; | ||
| 300 | _c26cm. | ||
| 440 | _aHorrible histories. | ||
| 500 | _a840 | ||
| 999 |
_c343001 _d343001 |
||